| 000 | 004710000a22001810004500 | ||
|---|---|---|---|
| 003 | MACL | ||
| 005 | 20160121123940.0 | ||
| 008 | 160121b xxu||||| |||| 00| 0 eng d | ||
| 040 |
_aMACL _cmacl |
||
| 041 | _aEnglish | ||
| 082 | _a658.402/WOO | ||
| 100 |
_aWoods, John A _933867 |
||
| 245 | _a10 Minute guide to Teams & Team work | ||
| 260 |
_bMacmillan Spectrum _c1999 _aNew York |
||
| 350 | _a95 | ||
| 650 |
_aGeneral Managment _921540 |
||
| 942 |
_cBK _k658.402/WOO _2ddc |
||
| 999 |
_c32736 _d32736 |
||